Informačný cenový spravodaj

Guardado en:
Detalles Bibliográficos
Formato: Seriadas
Lenguaje:eslovaco
Publicado: Bratislava Výskumný ústav cenový
Etiquetas: Agregar Etiqueta
Sin Etiquetas, Sea el primero en etiquetar este registro!

MARC

LEADER 00000nas1a22000001 4500
001 s120774
005 20250728131710.3
041 0 |a slo 
044 |a SK 
245 1 0 |a Informačný cenový spravodaj 
264 1 |a Bratislava  |b Výskumný ústav cenový